Pokémon entwickeln - Statistiken

Allgemein
  • Dieses Quiz wurde 447 mal gespielt
  • Das Durchschnittsergebnis liegt bei 8 aus 10
Antwortstatistiken
Frage Antwort % Korrekt
Damhirplex entwickelt sich in was? Damythir
97%
Evoli's Entwicklung von Typ Eis ist wer? Glaziola
97%
In welches Pokémon entwickelt sich Pikachu? Raichu
95%
Das Geist Unlicht Pokémon Zobiris entwickelt sich zu welchem Pokémon? Nichts
94%
Bithora hat welche Weiterentwicklung Thanathora
84%
Weiterentwicklung von Laternecto ist? Skelabra
77%
Die Weiterentwicklung von Sabbaione ist was? Nichts
76%
Pantimos' Weiterentwicklung heißt wie? Pantifrost
76%
Mauzis Galarentwicklung ist was? Mauzinger
75%
Welches Pokémon entwickelt sich aus Ursaring? Ursaluna
59%
Keine übereinstimmenden Quizze gefunden
Verteilung der Resultate
Anzahl Personen mit jedem Resultat
Perzentil nach korrekt beantworteten Fragen
Ihre Resultats-Entwicklung
Sie haben dieses Quiz noch nicht gespielt